000 00299nam a22001217a 4500
082 _a621.384 SLU'E
100 _aOSTERHELD, WILLIAM ,SLURZBERG, MORRIS
_957515
245 _aESSENTAIL OF RADIO ELECTRONICS
250 _a2ND
260 _aNEWYORK
_bMCGRAW HILL
_c1961
300 _a716P
942 _cBK
999 _c568496
_d568496